| 000 | 00648nam a2200193 4500 | ||
|---|---|---|---|
| 001 | 144949 | ||
| 003 | ES-MaACL | ||
| 007 | t| | ||
| 008 | 070214s1955 sp r ||||1| spa d | ||
| 100 | 1 |
_aSmith, J. L. B. _9106887 |
|
| 245 | 1 | 0 |
_aProblemas de Química Orgánica _b: numéricos y de constitución / _cJ. L. B. Smith y M. Rindl ; versión española de Antonio López Campillo. |
| 250 | _a1ª ed. española. | ||
| 260 |
_aMadrid : _bAlhambra, _c1955 ( _fJura) |
||
| 300 |
_aVIII, 207 p. ; _c20 cm. |
||
| 700 | 1 |
_aLópez Campillo, Antonio _973484 |
|
| 700 | 1 |
_aRindl, M. _997274 |
|
| 852 |
_aES-MaACL _jC-9731 _bR.37327 |
||
| 999 |
_c144949 _d144949 |
||